Every Tesla Car By Picture - Statistics

General Stats
  • This quiz has been taken 60 times
  • The average score is 7 of 8
Answer Stats
Picture Hint Answer % Correct
2023-present Cybertruck
98%
2020-present Model Y
96%
2015–present Model X
94%
2017-present Model 3
92%
2012–present Model S
92%
2008–2012 Roadster
90%
2025* Roadster
81%
2022-present Semi
69%
No matching quizzes found
Score Distribution
Percent of People with Each Score
Percentile by Number Answered
Your Score History
You have not taken this quiz